<?xml version="1.0" encoding="UTF-8"?>
<collection xmlns="http://www.loc.gov/MARC21/slim">
 <record>
  <leader>00833pam a22002178a 4500</leader>
  <controlfield tag="001">00016294</controlfield>
  <controlfield tag="005">20171026081022.0</controlfield>
  <controlfield tag="008">110407s1978                  ||||||Viesd</controlfield>
  <datafield tag="041" ind1="0" ind2="#">
   <subfield code="a">Vie</subfield>
  </datafield>
  <datafield tag="082" ind1="1" ind2="4">
   <subfield code="a">331.11</subfield>
   <subfield code="b">C455NH</subfield>
  </datafield>
  <datafield tag="110" ind1="1" ind2="#">
   <subfield code="a">Tổ cải tiến quản lý nhà máy cơ khí Trần Hưng Đạo</subfield>
  </datafield>
  <datafield tag="245" ind1="0" ind2="0">
   <subfield code="a">Công nhân tham gia quản lý xí nghiệp</subfield>
  </datafield>
  <datafield tag="250" ind1="#" ind2="#">
   <subfield code="a">Xuất bản lần thứ 2 có bổ sung</subfield>
  </datafield>
  <datafield tag="260" ind1="#" ind2="#">
   <subfield code="a">H.</subfield>
   <subfield code="b">Lao động</subfield>
   <subfield code="c">1978</subfield>
  </datafield>
  <datafield tag="300" ind1="#" ind2="#">
   <subfield code="a">87 tr.</subfield>
   <subfield code="c">19 cm.</subfield>
  </datafield>
  <datafield tag="653" ind1="#" ind2="#">
   <subfield code="a">Công nhân</subfield>
   <subfield code="a">Quản lý</subfield>
   <subfield code="a">Xí nghiệp</subfield>
  </datafield>
  <datafield tag="710" ind1=" " ind2=" ">
   <subfield code="a">Tổ cải tiến quản lý nhà máy cơ khí Trần Hưng Đạo</subfield>
  </datafield>
  <datafield tag="852" ind1="#" ind2="#">
   <subfield code="b">Kho đọc</subfield>
   <subfield code="j">KD.0001388</subfield>
  </datafield>
  <datafield tag="852" ind1="#" ind2="#">
   <subfield code="j">KD.0001388</subfield>
  </datafield>
  <datafield tag="910" ind1=" " ind2=" ">
   <subfield code="d">07/04/2011</subfield>
  </datafield>
  <datafield tag="980" ind1="#" ind2="#">
   <subfield code="a">Trung tâm Học liệu Lê Vũ Hùng, Trường Đại học Đồng Tháp</subfield>
  </datafield>
 </record>
</collection>
